Słowa nominowane do Młodzieżowego Słowa Roku 2024 - Statystyki

Ogólne statystyki
  • Ten quiz został rozwiązany 72 razy
  • Średni wynik to 10 z 20
Statystyki odpowiedzi
Hint Odpowiedź % Poprawnych
pewny siebie mężczyzna Sigma
96%
być cool = mieć ....., dodatnie i ujemne punkty Aura
82%
toaleta z wystającą głową Skibidi
75%
sytuacja żenująca Cringe
65%
niezdara, słabiak Bambik
64%
Gratest of All Time GOAT
64%
umieć dobrze zagadać Rizz
64%
pochodzi z filmiku i memów o wylewaniu ........ Azbest
58%
wyzwanie polegające na wchodzeniu na stół i krzyczenie, z japońskiego idiota Oi oi oi Baka
58%
słowo wypowiedziane przez pewnego gracza Fortnite z akcentem Czemó
56%
gnicie mózgu Brainrot
53%
urojenie Delulu
53%
naprawdę Fr
45%
ktoś uzależniony, słowo z piosenki T. Scotta Fe!n
44%
ględzenie, gadanie non-stop o tym samym Yapping
44%
intensywnie, z zaangażowaniem Oporowo
36%
coś bardzo dobrego, podziw Slay
33%
nudna rozmowa, mam to gdzieś Womp womp
31%
bezczelne dziecko lub osoba niezależna Brat
13%
szyk, przepych Glamur
9%
Nie znaleziono quizów pasujących do podanych kryteriów
Rozkład punktacji
Procent ludzi z każdym wynikiem
Percentyl według liczby udzielonych odpowiedzi
Twoja historia wyników
Nie rozwiązałeś tego quizu